01742cam a2200397 a 45000010008000000030009000080050017000170060019000340070015000530080041000680200018001090200015001270350026001420400048001680430012002160500025002280820027002531000019002802100043002992450058003422600055004005020006004555040064004615060043005256500067005686500057006356500073006926500054007657730038008198560120008579100031009779420012010089990019010209520150010399520155011898566816USPCAS-E20180118181422.0m d cr n 100420s2011 maua sb 001 0 eng d a9781856177269 a1856177262 a(WaSeSS)ssj0000416615 aDLCcDLCdYDXdYDXCPdCDXdBWXdDLCdWaSeSS an-us--- 4aHD9685.U5bG755 201100a333.79222bGRE-E 20111 aGreer, Monica.10aElectricity cost modeling calculations10aElectricity cost modeling calculationscMonica Greer. aBurlington, MA :bAcademic Press/Elsevier,cc2011. a. aIncludes bibliographical references (p. 325-333) and index. aLicense restrictions may limit access. 0aElectric utilitieszUnited StatesxCostsxMathematical models. 0aElectric utilitiesxRatesxEstimateszUnited States. 0aElectric power consumptionzUnited StatesxForecastingxMathematics. 0aElectric power plantsxLoadxMathematical models. 0teBook - Engineering 2010 [EBCE10]40uhttp://www.columbia.edu/cgi-bin/cul/resolve?clio8566816zFull text available from eBook - Engineering 2010 [EBCE10] aLibrary of Congress record 2ddccBK c356073d356073 00102ddc40708NFICaCAS-EbCAS-EcDISPLAYd2016-02-10eGlolden booksg12950.00l0o333.79 GRE-E 2011pCAS-E0001448r2016-02-10w2016-02-10yBK 00102ddc40708NFICaCAS-EbCAS-EcDISPLAYd2016-02-10eGlolden booksg12950.00l0o333.79 GRE-E 2011pCAS-E0001449r2016-02-10tC-2w2016-02-10yBK